Вопросы атомной науки и техники. Серия : Ядерное приборостроение: научно-технический сборник

Bibliografiske detaljer
Institution som forfatter: СССР Государственный комитет по использованию атомной энергии (ГКИАЭ)
Sprog:russisk
Udgivet: Москва, 1980-1989
Fag:
Format: MixedMaterials Serial
KOHA link:https://koha.lib.tpu.ru/cgi-bin/koha/opac-detail.pl?biblionumber=380065

MARC

LEADER 00000nas1a2200000 4500
001 380065
005 20231101062638.0
011 |a 0321-3846 
035 |a (RuTPU)RU\TPU\prd\643 
035 |a BOOK00000643 
090 |a 380065 
100 |a 20011210c1957 u y0rusy50 ca 
101 0 |a rus 
102 |a RU 
110 |a ahaz uu0 
200 1 |a Вопросы атомной науки и техники. Серия : Ядерное приборостроение  |e научно-технический сборник  |f СССР, Государственный комитет по использованию атомной энергии (ГКИАЭ) 
210 |a Москва  |d 1980-1989 
305 |a Издается с 1957 г. 
326 |a 4 номера в год 
610 1 |a атомная наука 
610 1 |a атомная техника 
610 1 |a ядерное приборостроение 
610 1 |a ядерные реакторы 
610 1 |a реакторы 
675 |a 621.039  |v 3 
712 0 1 |a СССР  |b Государственный комитет по использованию атомной энергии (ГКИАЭ)  |2 stltpush  |3 (RuTPU)RU\TPU\col\16930 
801 0 |a RU  |b 63413507  |c 20011210  |g PSBO 
801 2 |a RU  |b 63413507  |c 20170622  |g PSBO 
942 |c CR